Rakyat Sahni : antologi 20 buah cerpen penulis wanita Republik Rakyat China

Bibliographic Details
Other Authors: Siti Aisah Murad , 1957-
Format: Book
Published: Kuala Lumpur : DBP , 1993
Subjects:

MARC

LEADER 00000cam a2200000 7i4500
001 0000005182
002 000005596
005 20091014.0
020 |a 9836236422 
090 0 0 |a 895.130108   |b RAK 
245 0 0 |a Rakyat Sahni :   |b antologi 20 buah cerpen penulis wanita Republik Rakyat China   |c diselenggarakan oleh Siti Aisah Murad dan Goh Hin San 
260 |a Kuala Lumpur :   |b DBP ,   |c 1993 
300 |a 449p. ;   |c 21cm. 
650 0 0 |a Chinese fiction   |x Translations into Malay 
650 0 0 |a Short stories, Chinese   |x Translations into Malay 
700 0 |a Siti Aisah Murad ,   |c 1957- 
999 |a 031200   |b BUKU   |c FICTION MANDARIN COLLECTION   |e PERPUSTAKAAN KOMUNITI PETALING JAYA 
999 |a 031201   |b BUKU   |c FICTION MANDARIN COLLECTION   |e PERPUSTAKAAN KOMUNITI PETALING JAYA